| 000 | 00541cam a22002291 4500 | ||
|---|---|---|---|
| 001 | sa 68017793 | ||
| 003 | DLC | ||
| 005 | 20260227112706.0 | ||
| 008 | 890619s1966 ii 000 0 maro | ||
| 010 | _asa 68017793 | ||
| 035 | _a(OCoLC)19896821 | ||
| 040 |
_aDLC _cWaU _dDLC |
||
| 042 | _apremarc | ||
| 050 | 0 | 0 |
_aBL1316.K85 _bS5 |
| 100 | 1 |
_aShah, Sumatibai, _d1912- |
|
| 245 | 1 | 0 | _aSamayasāra. |
| 260 | _c1966. | ||
| 300 |
_a204 p. _c18 cm. |
||
| 500 | _aIn Marathi. | ||
| 650 | 0 | _aJainism. | |
| 700 | 0 |
_aKundakunda. _tSamayasāra. |
|
| 999 |
_c87959 _d87959 |
||